Comuni della Provincia di Cosenza (con mappa) - Statistics

Statistiche generali
  • Questo quiz è stato fatto 49 volte
  • Il punteggio medio è 65 su 150
Risposte nella Mappa
Le risposte nella mappa del quiz sottostante sono codificate secondo una scala di colori dal rosso al verde in base alla % di persone che hanno risposto correttamente.
 
Statistiche sulle risposte
Risposta % Corretto
Cosenza
100%
Rende
82%
Amantea
77%
Paola
77%
Castrovillari
73%
Corigliano-Rossano
73%
Praia a Mare
64%
Scalea
64%
Spezzano Albanese
64%
Spezzano della Sila
64%
Casali del Manco
59%
Cetraro
59%
Rogliano
59%
San Giovanni in Fiore
59%
San Lucido
59%
Acri
55%
Aieta
55%
Bisignano
55%
Bonifati
55%
Cariati
55%
Castrolibero
55%
Fuscaldo
55%
Guardia Piemontese
55%
Longobucco
55%
Mendicino
55%
Montalto Uffugo
55%
Roggiano Gravina
55%
Rose
55%
Trebisacce
55%
Acquappesa
50%
Amendolara
50%
Bianchi
50%
Calopezzati
50%
Cassano all'Ionio
50%
Castiglione Cosentino
50%
Diamante
50%
Lago
50%
Longobardi
50%
Luzzi
50%
Rocca Imperiale
50%
San Marco Argentano
50%
San Sosti
50%
Tarsia
50%
Villapiana
50%
Aiello Calabro
45%
Albidona
45%
Altomonte
45%
Belvedere Marittimo
45%
Buonvicino
45%
Caloveto
45%
Crosia
45%
Fagnano Castello
45%
Firmo
45%
Fiumefreddo Bruzio
45%
Grimaldi
45%
Mongrassano
45%
Morano Calabro
45%
Mormanno
45%
Paludi
45%
Piane Crati
45%
Roseto Capo Spulico
45%
San Lorenzo del Vallo
45%
Santa Maria del Cedro
45%
Santo Stefano di Rogliano
45%
Tortora
45%
Zumpano
45%
Altilia
41%
Aprigliano
41%
Belsito
41%
Bocchigliero
41%
Campana
41%
Canna
41%
Castroregio
41%
Cerisano
41%
Cropalati
41%
Grisolia
41%
Marano Marchesato
41%
Marano Principato
41%
Marzi
41%
Oriolo
41%
Parenti
41%
Rovito
41%
San Benedetto Ullano
41%
San Demetrio Corone
41%
San Fili
41%
San Giorgio Albanese
41%
San Lorenzo Bellizzi
41%
San Pietro in Guarano
41%
Santa Sofia d'Epiro
41%
San Vincenzo La Costa
41%
Saracena
41%
Terranova da Sibari
41%
Vaccarizzo Albanese
41%
Verbicaro
41%
Acquaformosa
36%
Alessandria del Carretto
36%
Belmonte Calabro
36%
Celico
36%
Cervicati
36%
Cleto
36%
Colosimi
36%
Dipignano
36%
Falconara Albanese
36%
Figline Vegliaturo
36%
Laino Borgo
36%
Laino Castello
36%
Lappano
36%
Lattarico
36%
Mangone
36%
Montegiordano
36%
Nocara
36%
Panettieri
36%
Pedivigliano
36%
San Cosmo Albanese
36%
San Donato di Ninea
36%
San Nicola Arcella
36%
San Pietro in Amantea
36%
Santa Caterina Albanese
36%
Santa Domenica Talao
36%
Scigliano
36%
Serra d'Aiello
36%
Terravecchia
36%
Torano Castello
36%
Carolei
32%
Carpanzano
32%
Cerzeto
32%
Domanico
32%
Francavilla Marittima
32%
Frascineto
32%
Maierà
32%
Malvito
32%
Orsomarso
32%
Papasidero
32%
Pietrapaola
32%
Rota Greca
32%
San Basile
32%
Sangineto
32%
Sant'Agata di Esaro
32%
Scala Coeli
32%
Cerchiara di Calabria
27%
Lungro
27%
Malito
27%
Mottafollone
27%
Paterno Calabro
27%
San Martino di Finita
27%
Cellara
23%
Mandatoriccio
23%
Pietrafitta
23%
Civita
18%
Plataci
18%
Nessun quiz corrispondente trovato
Distribuzione punteggi
Percentuale di utenti per punteggio
Percentile per numero di risposta
I tuoi punteggi nel tempo
Non hai fatto questo quiz